Klasický predaj verzus internet?

Stratégiou budúcnosti v obchode nebude "predaj on-line", ale " mnohokanálový predaj" ("Multi Channel Retailing"). V rámci budovania systému mnohokanálového predaja existujú viaceré úspešné firmy - Tesco Stores, Migros Turk.

Gespeichert in:
Bibliographische Detailangaben
Format: Buchkapitel
Sprache:Slowakisch
Schlagworte:
Tags: Tag hinzufügen
Keine Tags, Fügen Sie das erste Tag hinzu!

MARC

LEADER 00000naa a2200000 4500
001 r043440
005 20231002114138.3
041 0 |a slo 
044 |a SK 
245 1 0 |a Klasický predaj verzus internet? 
520 |a Stratégiou budúcnosti v obchode nebude "predaj on-line", ale " mnohokanálový predaj" ("Multi Channel Retailing"). V rámci budovania systému mnohokanálového predaja existujú viaceré úspešné firmy - Tesco Stores, Migros Turk. 
610 2 0 |a obchod elektronický 
610 2 0 |a predaj 
610 2 0 |a Tesco Stores 
610 2 0 |a Migros Turk 
610 2 0 |a Veľká Británia 
610 2 0 |a Turecko